000 00500nam a22001697a 4500
999 _c8321
_d8321
008 201113b ||||| |||| 00| 0 eng d
040 _aBMS College of Architecture
100 _aSen, Dhrubojyoti
245 _aAmidst the hustle
300 _a15p.
500 _a1BM15AT023
502 _8B,Arch
_NBMS College of Architecture, Visvesvaraya technological University (VTU)
_aB,Arch
_d2019
650 _aHustle
700 _aMaithily Velangi
_eGuide
700 _aPraveen Alva
_eGuide
942 _2ddc
_cTHE